000 00932nam a2200265 a 4500
003 MX-MxUPN
005 20240612155440.0
008 991125s1923 mx a br 000 0 spa u
035 _aUPN01000034037
040 _aMX-MxUPN
_bspa
_cMX-MxUPN
041 _aspa
050 1 4 _aBS635.2
_bF74 1923
110 2 _aF.T.D.
_951456
245 1 0 _aLecciones de historia sagrada para uso de las primeras clases elementales:
_bobrita ilustrada con numerosos grabados
250 _aCuarta edición.
260 _aMéxico, D.F. :
_bColección F.T.D.,
_c1923.
300 _a127 páginas :
_bilustraciones
490 0 _aLibros escolares F.T.D. Religión
500 _aAprobada por la autoridad eclesiástica.
630 0 4 _aBiblia
_xHistoria Sagrada
_93894
650 4 _aEducación religiosa de niños
_99232
650 0 _aIglesia
_951426
_yHistoria de los primeros tiempos, ca. 30-600
902 _bMariaRobles/220324
942 _2lcc
_cLIBRO
_n0
999 _c34037
_d34037